Southville International School and Colleges
Your cart is empty.
  • Cart
  • Lists
    Public lists Eva Luna New books Lux_list list_1
    Your lists Log in to create your own lists
  • Log in to your account
  • Your cookies
  • Search history
Southville International School and Colleges
  • Advanced search
  • Recent comments
  • Most popular
  • Libraries

Log in to your account

Log in with GOOGLE


If you do not have an external account, but do have a local account, you can still log in:

  1. Home
  2. MARC view: Chemistry :
Normal view MARC view ISBD view

Chemistry : (Record no. 275418)

[ view plain ]
MARC details
000 -LEADER
fixed length control field 00673nam a2200205Ia 4500
003 - CONTROL NUMBER IDENTIFIER
control field PILC
005 - DATE AND TIME OF LATEST TRANSACTION
control field 20160926105458.0
008 - FIXED-LENGTH DATA ELEMENTS--GENERAL INFORMATION
fixed length control field 140910s9999 xx 000 0 und d
020 ## - INTERNATIONAL STANDARD BOOK NUMBER
International Standard Book Number 9780198392125
050 ## - LIBRARY OF CONGRESS CALL NUMBER
Classification number QD 40
Item number .B993 2014
100 ## - MAIN ENTRY--PERSONAL NAME
Personal name Bylikin, Sergey.
245 ## - TITLE STATEMENT
Title Chemistry :
Remainder of title course companion
Statement of responsibility, etc Sergey bylikin, Gary Horner, Brian Murphy, David Tracy.
250 ## - EDITION STATEMENT
Edition statement 2014 edition
260 ## - PUBLICATION, DISTRIBUTION, ETC. (IMPRINT)
Place of publication, distribution, etc Oxford ; New York :
Name of publisher, distributor, etc Oxford University Press,
Date of publication, distribution, etc c2014.
300 ## - PHYSICAL DESCRIPTION
Extent 802 pages :
Other physical details colored, illustration ;
Dimensions 28 cm.
650 ## - SUBJECT ADDED ENTRY--TOPICAL TERM
Topical term or geographic name as entry element Chemistry
General subdivision Examinations -- Study guide.
650 ## - SUBJECT ADDED ENTRY--TOPICAL TERM
Topical term or geographic name as entry element Internationa Bacculaureate.
700 ## - ADDED ENTRY--PERSONAL NAME
Personal name Horner, Gray
942 ## - ADDED ENTRY ELEMENTS (KOHA)
Koha item type Books
Source of classification or shelving scheme Library of Congress Classification
Holdings
Withdrawn status Lost status Damaged status Home library Current library Shelving location Date acquired Source of acquisition Total Checkouts Total Renewals Full call number Barcode Date last seen Date checked out Price effective from Koha item type Source of classification or shelving scheme
      Luxembourg Library Luxembourg Library International Baccalaureate Section 09/10/2014 Library Fund 15 103 QD 40 .B993 2014 IB0158 06/15/2023 12/13/2022 09/10/2014 Books  
      Luxembourg Library Luxembourg Library International Baccalaureate Section 09/26/2016 Library Fund 11 21 QD 40 .B993 2014 20333 06/13/2023 12/16/2022 09/26/2016 Books Library of Congress Classification

Chemistry :

APA

Bylikin S., Horner G., . (2014). Chemistry. Oxford ; New York: Oxford University Press.

Chicago

Bylikin Sergey, Horner Gray, . 2014. Chemistry. Oxford ; New York: Oxford University Press.

Harvard

Bylikin S., Horner G., . (2014). Chemistry. Oxford ; New York: Oxford University Press.

MLA

Bylikin Sergey, Horner Gray, . Chemistry. Oxford ; New York: Oxford University Press. 2014.

  • Place hold
  • Print
  • Cite
  • Add to your cart (remove)
  • Save record
    BIBTEX Dublin Core MARCXML MARC (non-Unicode/MARC-8) MARC (Unicode/UTF-8) MARC (Unicode/UTF-8, Standard) MODS (XML) RIS
  • More searches
    Search for this title in:
    Other Libraries (WorldCat) Other Databases (Google Scholar) Online Stores (Bookfinder.com) Open Library (openlibrary.org)

Exporting to Dublin Core...

SOUTHVILLE LIBRARY

Southville International School and Colleges Library

1281 Tropical Ave. Cor. Luxembourg St., BF Homes International, Las Pinas City

Tel. No. 8256374 / 252358 Loc. 117/146

Powered by Koha